[Event "Regionalliga NW 0506"]
[Site "Bayern"]
[Date "2006.02.19"]
[Round "7.4"]
[White "Kirschneck, Toralf"]
[Black "Gorniak, Jozef"]
[Result "1-0"]
[WhiteElo "2089"]
[BlackElo "1870"]
[PlyCount "113"]
[EventDate "2005.10.23"]
[EventType "team-tourn"]
[EventRounds "9"]
[EventCountry "GER"]
[SourceTitle "EXT 2007"]
[Source "ChessBase"]
[SourceDate "2006.11.23"]
[SourceVersion "1"]
[SourceVersionDate "2006.11.23"]
[SourceQuality "1"]

1. d4 Nf6 2. c4 d5 3. Nc3 c6 4. e3 Bf5 5. Nf3 e6 6. Bd2 Bd6 7. c5 Bc7 8. Be2 Nbd7 9. Nh4 Bg6 10. Nxg6 hxg6 11. f4 Nh5 12. Bxh5 Rxh5 13. Qf3 b6 14. cxb6 axb6 15. g4 Qh4+ 16. Ke2 Rh7 17. Be1 Qh3 18. Bg3 f5 19. g5 b5 20. Rhc1 Bd6 21. Nd1 Ra6 22. Nf2 Qh5 23. Nd3 Ke7 24. Rc2 Rh8 25. b3 Rha8 26. Qxh5 gxh5 27. Be1 Rc8 28. Bb4 g6 29. Rac1 Rb6 30. Bxd6+ Kxd6 31. a4 bxa4 32. bxa4 Ra8 33. Ra1 Ra5 34. Ra3 Rb1 35. Nc1 Rb6 36. Nb3 Ra7 37. Kd2 Rb4 38. a5 Nb6 39. Kc3 Rc4+ 40. Kd3 Rxc2 41. Kxc2 Nc4 42. Ra1 Nxe3+ 43. Kd3 Ng2 44. Rf1 Ra8 45. Rf2 Rb8 46. Nc5 Nxf4+ 47. Rxf4 e5 48. Rf1 exd4 49. Rc1 Rb2 50. a6 Ra2 51. Kxd4 f4 52. Rf1 Rc2 53. Ra1 Rc4+ 54. Kd3 Kxc5 55. a7 Rd4+ 56. Ke2 Re4+ 57. Kf3 1-0

[Event "Regionalliga NW 0506"]
[Site "Bayern"]
[Date "2005.11.27"]
[Round "3.4"]
[White "Gorniak, Jozef"]
[Black "Herdin, Hans Ulrich"]
[Result "0-1"]
[WhiteElo "1870"]
[BlackElo "2042"]
[PlyCount "90"]
[EventDate "2005.10.23"]
[EventType "team-tourn"]
[EventRounds "9"]
[EventCountry "GER"]
[SourceTitle "EXT 2007"]
[Source "ChessBase"]
[SourceDate "2006.11.23"]
[SourceVersion "1"]
[SourceVersionDate "2006.11.23"]
[SourceQuality "1"]

1. e4 e6 2. d4 d5 3. Bd3 Nf6 4. e5 Nfd7 5. Nf3 c5 6. c3 Nc6 7. 0-0 Qb6 8. Bc2 g6 9. b3 cxd4 10. cxd4 Nb4 11. Nc3 Nxc2 12. Qxc2 Qc7 13. Qd3 Nb8 14. Nb5 Qb6 15. Nc3 Bd7 16. Re1 Qa6 17. Qe3 Nc6 18. Qf4 Be7 19. a3 h6 20. Rb1 g5 21. Qe3 Na5 22. Nd2 Bb5 23. b4 Nc4 24. Nxc4 Bxc4 25. Rb2 b5 26. Ne2 Bxe2 27. Rexe2 Rc8 28. Rbc2 Kd7 29. Qb3 Rxc2 30. Rxc2 Rc8 31. Kf1 Rxc2 32. Qxc2 Qc6 33. Qxc6+ Kxc6 34. Ke2 f6 35. Kd3 Kd7 36. f4 gxf4 37. Bxf4 h5 38. h3 f5 39. g3 h4 40. g4 fxg4 41. hxg4 h3 42. Bh2 Bg5 43. Kc3 Bc1 44. Kb3 Be3 45. Kc3 Ke8 0-1